| 000 | 01119cam a2200349 a 4500 | ||
|---|---|---|---|
| 001 | 14143420 | ||
| 003 | OSt | ||
| 005 | 20140310182709.0 | ||
| 008 | 051014s2007 caua 001 0 eng | ||
| 010 | _a 2005935780 | ||
| 020 | _a9789814221757 | ||
| 040 |
_aDLC _cDLC _dDLC |
||
| 050 | 0 | 0 |
_aQD31.3 _b.B565 2007 |
| 082 |
_aM 540 _bIn8 2007 |
||
| 245 | 0 | 0 |
_aIntroduction to general, organic, and biochemistry / _cBettelheim, Frederick A. |
| 246 | 3 | 0 | _aGeneral, organic, and biochemistry. |
| 250 | _a8th ed. | ||
| 260 |
_aBelmont, CA : _bThomson Brooks/Cole, _cc2007. |
||
| 300 |
_axxv, 804, 58, 10, 2, 24 p. : _bill. (some col.) ; _c29 cm. |
||
| 500 | _aIncludes index. | ||
| 521 | _aCollege students | ||
| 526 | _c1210L to 1700L | ||
| 541 | _j1 | ||
| 541 | _j2 | ||
| 541 | _j7 | ||
| 562 | _e7 | ||
| 650 | 0 |
_aChemistry _vTextbooks. |
|
| 700 | 1 |
_aBettelheim, Frederick A., _d1923- |
|
| 906 |
_a7 _bcbc _corigcop _d3 _eepcn _f20 _gy-gencatlg |
||
| 942 |
_2lcc _cBK _kM |
||
| 999 |
_c15236 _d15236 |
||